Interesting Facts Multiple Choice #1 - Statistics

General Stats
  • This quiz has been taken 174 times
  • The average score is 9 of 15
Answer Stats
Question Answer % Correct
Who was both the first woman to win a Nobel Prize and the first person of any gender to win twice? Marie Curie
94%
Who was rated the #1 guitarist of all time by Rolling Stone magazine? Jimi Hendrix
89%
Technically, Manila is not the most populous city in the Philippines. What neighboring municipality is? Quezon City
83%
The largest island in the United States is Hawaii, also known as what? The Big Island
83%
What squid is thought to be even larger than the giant squid? The colossal squid
78%
Gandhi never won the Nobel Peace Prize. Who did? Yasser Arafat
78%
What does that squid have the largest of any mammal? Eyes
72%
What is both the deepest and the oldest lake in the world? Lake Baikal
67%
What city is not named for a figure from Greek mythology, but for an ancient Celtic tribe? Paris
61%
Mark Twain was born two weeks after the appearance of Halley's Comet in 1835 and died one day after it returned how many years later? 75
56%
John Adams and Thomas Jefferson both died on what day in 1826? July 4
50%
The United States is older than Germany. Germany did not become a unified country until what year? 1871
39%
Fortune cookies were invented in the United States by a person who was born in what country? Japan
39%
How many prisoners were inside the Bastille when it was stormed during the French Revolution? 7
28%
The only U.S. presidents to run unopposed were George Washington and who? James Monroe
28%
No matching quizzes found
Score Distribution
Percent of People with Each Score
Percentile by Number Answered
Your Score History
You have not taken this quiz